000 00473nam a2200181Ia 4500
003 GCL
008 140319s9999 xx 000 0 eng d
040 _aGCL /
_cGCL
082 0 4 _a670.285
_bC C
100 1 _aCOTICCHIA, MARKE
245 1 0 _aCAD\CAM\CAE SYSTEMS /
_cCOTICCHIA, MARKE
700 1 _aCRAWFORD, GEORGE.W
700 1 _aPRESTON, EJWARDJ
260 _a[S.N] :
_bMARCEL DEKKER, INC ،
_c1993
300 _a457 P
650 0 4 _aCAD\ CAM SYSTEMS
942 _2ddc
_cBK
999 _c21614
_d21614